| Поле | Название | Значение |
| |
Тип записи |
a |
| |
Библиографический уровень |
m |
| 001 |
Контрольный номер |
RU/СЮИ МВД России/KNIGI/83.7/В19-947442 |
| 005 |
Дата корректировки |
20140508173811.2 |
| 010 |
Индекс ISBN |
__ |
| a |
ISBN |
978-5-394-00255-7 |
| d |
Цена |
р.70.00 |
| 100 |
Данные общей обработки |
__ |
| a |
Данные общей обработки |
20111014d2009 |||y0rusy0189 |
| 101 |
Язык документа |
0_ |
| a |
Язык текста |
rus |
| 102 |
Страна публикации |
__ |
| a |
Страна публикации |
RU |
| 105 |
Кодированные данные (монография) |
__ |
| a |
Кодированные данные (монография) |
y z 000yy |
| 200 |
Заглавие и сведения об ответственности |
1_ |
| a |
Заглавие |
Эффектная и эффективная презентация |
| e |
Сведения, относящиеся к заглавию |
практическое пособие |
| f |
Первые сведения об ответственности |
С. В. Василенко |
| 210 |
Выходные данные |
__ |
| a |
Место издания |
М. |
| c |
Издательство |
Дашков и К° |
| d |
Дата издания |
2009 |
| 215 |
Физическое описание |
__ |
| a |
Объем |
136 с. |
| 225 |
Серия |
2_ |
| a |
Серия |
Стратегия успешного бизнеса |
| 320 |
Библиография |
__ |
| a |
Библиография |
Библиогр.: с. 134 |
| 606 |
Тематические рубрики |
__ |
| a |
Основная рубрика |
Ораторское искусство |
| 610 |
Ключевые слова |
1_ |
| a |
Ключевые слова |
виды презенетаций |
| 610 |
Ключевые слова |
1_ |
| a |
Ключевые слова |
особенности презентации |
| 610 |
Ключевые слова |
1_ |
| a |
Ключевые слова |
внешний вид оратора |
| 610 |
Ключевые слова |
1_ |
| a |
Ключевые слова |
невербальные средства |
| 610 |
Ключевые слова |
1_ |
| a |
Ключевые слова |
презентация в Power Point |
| 620 |
Место и дата публикации, исполнения и т.д. |
__ |
| d |
Город |
Москва |
| 686 |
Индексы других классификаций |
__ |
| a |
Классификационный индекс |
83.7 |
| 2 |
Код системы |
rubbk |
| 686 |
Индексы других классификаций |
__ |
| a |
Классификационный индекс |
17.81.99 |
| 2 |
Код системы |
rugasnti |
| 700 |
Автор |
_1 |
| a |
Фамилия |
Василенко |
| b |
Имя |
С. В. |
| 4 |
Код отношения |
070 |
| 801 |
Источник записи |
_0 |
| b |
Организация |
СЮИ МВД России |
| a |
Страна |
RU |
| c |
Дата составления |
20111014 |
| 801 |
Источник записи |
_1 |
| a |
Страна |
RU |
| b |
Организация |
ПКИ |
| c |
Дата составления |
20111014 |
| 852 |
Данные о местонахождении |
__ |
| a |
Наименование организации |
СЮИ МВД России |
| b |
Сигла хранения |
ЧЗ_Поволжский филиал |
| i |
Авторский знак |
В19 |
| p |
Инвентарный номер |
д179 |
| j |
Шифр хранения |
83.7 |
| j |
Шифр хранения |
83.7 |
| 852 |
Данные о местонахождении |
__ |
| a |
Наименование организации |
СЮИ МВД России |
| b |
Сигла хранения |
УчФ_Поволжский филиал |
| i |
Авторский знак |
В19 |
| p |
Инвентарный номер |
д180 |
| 901 |
Тип документа |
__ |
| t |
Тип документа |
m |
| 938 |
Служебная информация |
__ |
| a |
Название организации |
Поволжский филиал |
| b |
Имя БД |
Книги_Ирбис |
| c |
Название АИБС |
АБИС ИРБИС |